| 000 | 00469nam a22001817a 4500 | ||
|---|---|---|---|
| 005 | 20231206112003.0 | ||
| 008 | 231206b |||||||| |||| 00| 0 eng d | ||
| 020 | _a0-07-054561-8 | ||
| 082 |
_a330 _bSAM |
||
| 100 | _aSamuelson, A. Paul | ||
| 245 | _aEconomics | ||
| 250 | _a9th ed. | ||
| 260 |
_aNew Delhi, India _bMcGraw Hill _c1973 |
||
| 300 |
_a917 _bxxvii |
||
| 500 | _aIncludes bibliographical references | ||
| 650 | _aSocial Sciences/Economics | ||
| 999 |
_c34795 _d34795 |
||